000 00395nam a22001457a 4500
020 _qPB.
040 _cFIZZA ISHAQ
082 _a512.13
_bLAR
100 _aLarson,Ron.
_939190
245 _aAlgebra and Trigonometry Towson University Edition MATH 115 /
_cRon Larson.
250 _a6th ED.
260 _aUSA:
_bCENGAGE Learning,
_c2011.
300 _a542 P. ; A142 Index Inc.
942 _2ddc
_cBK
999 _c615295
_d615295